000 00424nam a2200121 a 4500
008 120416s2004 xx |||||||||||||| || u
050 _aTHESIS
100 _aMoloney, R.Nicholas
245 1 0 _aNumerical Investigations into order parameter fluctuations
260 _c2004
350 _a0.00
995 _D0.00
_FCBU-MAIN LIBRARY (Kitwe)
_H1
_I0.00
_M1
_UAVAILABLE
_ZUniversity Collection
999 _c52423
_d52423